Dragon - Vald feat Sofiane - Statistiques

Statistiques générales
  • Ce quiz a été pris 166 fois
  • Le résultat moyen est 100 sur 206
Statistiques - réponses
Hint Réponse % Correct
dragon
100%
fume
99%
Refrain : Roule
98%
un
98%
tête
90%
le
88%
les
87%
Vise
85%
vise
85%
je
84%
Je
84%
Intro : Et
83%
et
83%
Charge
77%
charge
77%
dragonne
74%
Dragonne
74%
de
66%
ma
60%
dans
55%
Couplet VALD : Que
51%
que
51%
dragons
50%
y'a
50%
Y'a
50%
dragonnet
46%
des
43%
queue
43%
La
42%
c'est
40%
suis
39%
arrière
37%
boule
36%
rouge
36%
son
36%
tes
36%
t'es
36%
Tes
36%
Viens
36%
x3 balls
35%
gyro
35%
avant
34%
Couplet Sofiane : Pilote
34%
Rétro
34%
rétro
34%
feu
32%
l'hall
32%
Michto
32%
miaule
31%
requin
30%
tu
30%
charogne
29%
J'ai
29%
j'ai
29%
pas
29%
donc
27%
Donc
27%
marron
27%
piaule
27%
Bouteille
26%
ressors
26%
Sur
26%
sur
26%
Presse
25%
veut
25%
chaud
24%
mais
24%
mon
23%
Flammes
21%
Suce
21%
dragonnes
20%
merde
20%
bicrave
18%
Fianso
18%
poisson
18%
putréfaction
18%
calé
17%
concurrence
17%
j'insère
17%
chacun
16%
tes-tê
16%
daronne
15%
Range
15%
rôle
15%
Sully
15%
Outro : J'ves-qui
14%
j'ves-qui
14%
marmot
14%
miaulent
14%
Talons
14%
lasso
12%
l'édredon
12%
cerceau
11%
darons
11%
fumée
11%
gros
11%
nique
11%
cherche
10%
Ecailles
10%
du
9%
j'allume
8%
guère
7%
galettes
6%
nuit
6%
Vide
5%
Mathu-dragon
4%
nympho
4%
j'galoche
3%
Polia
3%
Yo
3%
wagon
2%
Chassant
1%
gallon
1%
l'dragon
1%
lagoon
0%
l'flow
0%
payes
0%
Aucun quiz correspondant
Distribution des résultats
% des personnes avec chaque résultat
Percentile par nombre de réponses
Votre historique - résultats
Vous n’avez pas pris ce quiz